KHEA - Canciones de Albumes y EP - Estadísticas

Estadísticas generales
  • Esta prueba ha sido intentada 135 veces
    11 desde el último reinicio
  • La puntuación promedio es 26 de 51
Estadísticas de respuestas
Temas Trapicheo(Mixtape) % Correcto
C.R.O, Neo Pistea 100oMil
78%
Asan Creo Que
78%
. Eclipse
78%
Milo J Nunca Voy Solo
78%
Tiago PZK Para Amarte A Ti
78%
Tiago PZK, Reik Para Amarte A Ti
78%
Luisa, Lautaro Lopez Para Amarte A Ti
78%
Asan 1000mg
67%
. Algo Aparte
67%
Bhavi, Lit Killah, +1 El Don
67%
YSY A Fuera De La Orbita
67%
Duki, Saga WhiteBlack Gelato 44
67%
Seven Kayne Nuevo
67%
Lucho SSJ, Salastkbron Range Rover
67%
Asan Toxica
67%
. Trapicheo
67%
. Del Cielo al Infierno
56%
. Estrellas En La Noche
56%
Tobi F.L.I.A
56%
. Mamacita
56%
Pablo Chill-E Miti y Miti
56%
. Oreo de Fresa
56%
Knak, Elixir Oxicodona
56%
Midel, Seven Kayne Tamos Okey
56%
Asan, Awesome Pierre Te Lleve Flores
56%
Aqua VS, Luisa Tutaloko
56%
Midel Valgo
56%
. Almas Gemelas
44%
. Batalla
44%
. Blunt
44%
Asan Cambios En Mi
44%
. Como Yo Te Quiero
44%
Ana Mena Como Yo Te Quiero
44%
Almighty, El High Con Otra
44%
. Feeling
44%
Recycled J, Fuego Pidemelo
44%
. De La Tierra A Marte
33%
. Dices
33%
. Efecto
33%
Asan Fantaseo
33%
Asan InterLuv RCP </3
33%
. Intro
33%
. Navi
33%
. Nudes
33%
Awesome Pierre Vibez
33%
. Con Un Beso
22%
DVBBS Efecto REMIX
22%
. Is It Por Mi
22%
. Sin Corazon
22%
Jerry Rivera Sin Corazón
22%
. Volveras
22%
No se encontraron pruebas coincidentes
Distribución de puntuación
Porcentaje de gente con cada puntuación
Porcentaje por número respondido
Historial de tus puntuaciones
No has intentado esta prueba desde el último reinicio